Antorastrio homporko (Record no. 319)

MARC details
000 -LEADER
fixed length control field 00439cam a2200181ua 4500
008 - FIXED-LENGTH DATA ELEMENTS--GENERAL INFORMATION
fixed length control field 110330n ii |||gr||||Z||||||asm
040 ## - CATALOGING SOURCE
Transcribing agency MAIN
082 ## - DEWEY DECIMAL CLASSIFICATION NUMBER
Classification number 327
245 1# - TITLE STATEMENT
Title Antorastrio homporko
Statement of responsibility, etc. by Purandar Gogoi
250 ## - EDITION STATEMENT
Edition statement 6th.
260 ## - PUBLICATION, DISTRIBUTION, ETC.
Place of publication, distribution, etc. Guwahati:
Name of publisher, distributor, etc. Jyoti,
Date of publication, distribution, etc. 2005.
300 ## - PHYSICAL DESCRIPTION
Extent 232p:0cm.
700 ## - ADDED ENTRY--PERSONAL NAME
Personal name Gogoi, Purandar.,
Relator term
942 ## - ADDED ENTRY ELEMENTS (KOHA)
Koha item type Books
653 ## - INDEX TERM--UNCONTROLLED
Uncontrolled term Political science
653 ## - INDEX TERM--UNCONTROLLED
Uncontrolled term International relations
Holdings
Withdrawn status Lost status Damaged status Not for loan Home library Current library Shelving location Date acquired Total Checkouts Full call number Barcode Date last seen Date last checked out Copy number Price effective from Koha item type
        Central Library, Naharkatiya College Central Library, Naharkatiya College   19/09/2020 1 327 | GOG 16619 07/11/2024 09/10/2024 1 19/09/2020 Books

Naharkatiya College © 2020. All rights reserved.

Powered By